000 00254nam a2200109Ia 4500
008 190216s9999||||xx |||||||||||||| ||und||
100 _aPadmanabhan T
245 0 _aVeedu Nashtapetta Oru Kutty
260 _bPk Brothers
650 _aKathakal
942 _cBK
999 _c26701
_d26701